Best NBA Player by First Name 2024 - Statistics

General Stats
  • This quiz has been taken 216 times
  • The average score is 8 of 26
Answer Stats
Letter Answer % Correct
G GIANNIS Antetokounmpo
83%
N NIKOLA Jokic
74%
S STEPHEN Curry
74%
L LUKA Doncic
72%
A ANTHONY Davis
64%
K KEVIN Durant
62%
J JOEL Embiid
59%
D DEVIN Booker
49%
Z ZION Williamson
41%
V VICTOR Wembanyama
39%
P PAUL George
37%
T TYRESE Haliburton
32%
B BAM Adebayo
31%
R RUDY Gobert
21%
C CHET Holmgren
12%
F FRANZ Wagner
12%
I IVICA Zubac
12%
E EVAN Mobley
11%
X XAVIER Tillman Sr.
11%
M MIKAL Bridges
9%
O OG Anunoby
9%
Q QUENTIN Grimes
9%
W WALKER Kessler
5%
U USMAN Garuba
4%
Y YUTA Watanabe
4%
H HAYWOOD Highsmith
1%
No matching quizzes found
Score Distribution
Percent of People with Each Score
Percentile by Number Answered
Your Score History
You have not taken this quiz